[Event "Reykjavik Open 2025"]
[Site "Reykjavik"]
[Date "2025.04.13"]
[Round "6.55"]
[White "Sriansh, Das"]
[Black "Gayon, Benoit"]
[Result "1-0"]
[WhiteElo "2278"]
[WhiteFideId "45030081"]
[BlackElo "1953"]
[BlackFideId "632040"]
[Variant "Standard"]
[StudyName "ROpen 2025 - Rd6 - Boards 45-108"]
1. e4 e5 2. Nf3 Nc6 3. Bc4 Bc5 4. d3 Nf6 5. O-O d6 6. c3 h6 7. Re1 O-O 8. h3 Be6 9. Bb5 a6 10. Ba4 b5 11. Bc2 Bb6 12. Nbd2 Ne7 13. Nf1 Ng6 14. d4 c5 15. Be3 cxd4 16. cxd4 Ba5 17. N1d2 Rc8 18. a3 Nh5 19. Bd3 Nhf4 20. Bf1 Bc4 21. b4 Bxf1 22. Nxf1 Bc7 23. Qb3 Qf6 24. N1h2 Bb8 25. Rad1 Rc4 26. dxe5 dxe5 27. Bc5 Rd8 28. Ng4 1-0

[Event "Reykjavik Open 2025"]
[Site "Reykjavik"]
[Date "2025.04.13"]
[Round "6.56"]
[White "Colas, Joshua"]
[Black "Abramov, Artem"]
[Result "1-0"]
[WhiteElo "2275"]
[WhiteFideId "2044447"]
[BlackElo "1948"]
[BlackFideId "4192451"]
[Variant "Standard"]
[StudyName "ROpen 2025 - Rd6 - Boards 45-108"]
1. c4 Nf6 2. d4 c6 3. Nf3 d5 4. Qc2 e6 5. g3 Nbd7 6. Bg2 Be7 7. O-O O-O 8. Bf4 b6 9. Nbd2 Ba6 10. b3 Rc8 11. e4 Nxe4 12. Nxe4 dxe4 13. Qxe4 Nf6 14. Qc2 Bd6 15. Ne5 Bb7 16. Qe2 Qe7 17. Bg5 Rfe8 18. Ng4 Qd8 19. Bxf6 gxf6 20. Nh6+ Kg7 21. Qh5 Rc7 22. c5 bxc5 23. dxc5 Bf8 24. Rad1 Qe7 25. b4 f5 26. Rfe1 Qf6 27. Nxf5+ Kg8 28. Nd6 Bxd6 29. Rxd6 Rb8 30. a3 Kg7 31. Be4 h6 32. h4 Rg8 33. Re3 Rd8 34. Rf3 Qa1+ 35. Kg2 Rxd6 36. cxd6 Rd7 37. Rf4 Kf8 38. Qxh6+ 1-0

[Event "Reykjavik Open 2025"]
[Site "Reykjavik"]
[Date "2025.04.13"]
[Round "6.57"]
[White "Briem, Benedikt"]
[Black "Soderberg, Kevin"]
[Result "1-0"]
[WhiteElo "2249"]
[WhiteFideId "2315432"]
[BlackElo "1944"]
[BlackFideId "1719726"]
[Variant "Standard"]
[StudyName "ROpen 2025 - Rd6 - Boards 45-108"]
1. d4 d5 2. c4 e6 3. Nf3 Nf6 4. g3 dxc4 5. Bg2 Nc6 6. O-O Rb8 7. a4 a6 8. e3 Be7 9. Nfd2 Na5 10. Qc2 O-O 11. Nxc4 Nxc4 12. Qxc4 b5 13. axb5 axb5 14. Qc2 Bb7 15. Bxb7 Rxb7 16. Nd2 Qd5 17. Nb3 Rc8 18. Ra6 c6 19. f3 Rbc7 20. e4 Qc4 21. Qxc4 bxc4 22. Nc5 Bxc5 23. dxc5 Rb7 24. Rd1 Nd7 25. Rd6 Ne5 26. Rb6 Rxb6 27. cxb6 Nd3 28. b7 1-0

[Event "Reykjavik Open 2025"]
[Site "Reykjavik"]
[Date "2025.04.13"]
[Round "6.58"]
[White "Wan, Joseph"]
[Black "Schoffelmeer, Jetse"]
[Result "1-0"]
[WhiteElo "2242"]
[WhiteFideId "2069890"]
[BlackElo "1939"]
[BlackFideId "1084658"]
[Variant "Standard"]
[StudyName "ROpen 2025 - Rd6 - Boards 45-108"]
1. e4 e5 2. Nf3 Nc6 3. Bc4 Bc5 4. c3 Nf6 5. d3 h6 6. Nbd2 a5 7. O-O d6 8. Bb3 Ba7 9. Re1 Ne7 10. Nf1 Ng6 11. Ng3 Bg4 12. h3 Be6 13. Bc2 O-O 14. d4 Qc8 15. Be3 Rd8 16. Qd2 d5 17. Nxe5 Nxe5 18. dxe5 dxe4 19. Qe2 Nd7 20. Bxa7 Rxa7 21. Qxe4 Nf8 22. Qe3 Ra6 23. f4 Rb6 24. b3 a4 25. c4 c5 26. f5 Bd7 27. Rad1 Ra6 28. e6 fxe6 29. f6 e5 30. fxg7 Ne6 31. Qxh6 axb3 32. Qh7+ Kf7 33. g8=B+ Ke8 34. Qf7# 1-0

[Event "Reykjavik Open 2025"]
[Site "Reykjavik"]
[Date "2025.04.13"]
[Round "6.59"]
[White "Sparwel, Oliver"]
[Black "Unzicker, Ferdinand"]
[Result "0-1"]
[WhiteElo "1987"]
[WhiteFideId "4002660"]
[BlackElo "2241"]
[BlackFideId "4619196"]
[Variant "Standard"]
[StudyName "ROpen 2025 - Rd6 - Boards 45-108"]
1. d4 Nf6 2. Nf3 e6 3. c4 d5 4. e3 c5 5. Nc3 Nc6 6. dxc5 Bxc5 7. cxd5 exd5 8. Be2 O-O 9. O-O a6 10. a3 Bg4 11. b4 Bb6 12. Bb2 Qd6 13. Nd4 Bxd4 14. Bxg4 Be5 15. f4 Nxg4 16. Qxg4 Bxc3 17. Bxc3 f6 18. Rad1 Rad8 19. Rd3 Qd7 20. Qxd7 Rxd7 21. Bd4 Kf7 22. Rfd1 Ke6 23. Kf2 h5 24. Bc5 Rff7 25. g3 g6 26. h3 Rh7 27. Re1 f5 28. Red1 Nd8 29. h4 Nf7 30. Rc1 Nd8 31. Ke2 Rc7 32. Rdc3 Kd7 33. Rd1 Ke6 34. Rdc1 Rc8 35. Bb6 Rxc3 36. Rxc3 Nc6 37. Kd3 Rh8 38. Rc5 Kd6 39. b5 axb5 40. Rxb5 Rh7 41. Bc5+ Kc7 42. Bb6+ Kd6 43. Bc5+ Ke6 44. Rb6 Rc7 45. a4 Kd7 46. Rb5 Kc8 47. Bb6 Re7 48. Kc3 Re4 49. Rxd5 Rxa4 50. Rd6 Ra6 51. Bc5 Nd8 52. Kc4 Rxd6 53. Bxd6 Kd7 54. Kd5 Nc6 55. Bc5 b5 56. e4 fxe4 57. g4 hxg4 58. f5 gxf5 59. h5 Ke8 60. Ke6 b4 61. h6 Nd8+ 62. Kxf5 b3 63. Bd4 g3 64. h7 Nf7 65. Kxe4 g2 66. h8=N b2 67. Bxb2 g1=Q 68. Nxf7 Kxf7 0-1

[Event "Reykjavik Open 2025"]
[Site "Reykjavik"]
[Date "2025.04.13"]
[Round "6.60"]
[White "Boleslav, Petr"]
[Black "Vogt, Lothar"]
[Result "1/2-1/2"]
[WhiteElo "1970"]
[WhiteFideId "320005"]
[BlackElo "2229"]
[BlackFideId "4611292"]
[Variant "Standard"]
[StudyName "ROpen 2025 - Rd6 - Boards 45-108"]
1. e4 c5 2. Nf3 e6 3. d4 cxd4 4. Nxd4 Nc6 5. c4 Nf6 6. Nc3 d6 7. Be2 Be7 8. O-O O-O 9. Be3 Bd7 10. Rc1 a6 11. f3 Qb8 12. Qd2 Rd8 13. Rfd1 Be8 14. Nc2 b6 15. Bf1 Qb7 16. Qf2 Rab8 17. Rd2 Ne5 18. Nd4 Rbc8 19. b3 d5 20. exd5 exd5 21. Nf5 dxc4 1/2-1/2

[Event "Reykjavik Open 2025"]
[Site "Reykjavik"]
[Date "2025.04.13"]
[Round "6.61"]
[White "Haraldsson, Haraldur"]
[Black "Borne, Felix"]
[Result "0-1"]
[WhiteElo "1954"]
[WhiteFideId "2311100"]
[BlackElo "2225"]
[BlackFideId "551039915"]
[Variant "Standard"]
[StudyName "ROpen 2025 - Rd6 - Boards 45-108"]
1. d4 Nf6 2. c4 g6 3. g3 Bg7 4. Bg2 O-O 5. Nf3 d6 6. O-O Nc6 7. h3 e5 8. e3 Bf5 9. g4 Bd7 10. Nc3 h5 11. g5 Nh7 12. d5 Nb4 13. e4 f6 14. gxf6 Qxf6 15. Nh2 Ng5 16. Bxg5 Qxg5 17. Kh1 a5 18. a3 Na6 19. b4 Rf6 20. Rb1 Raf8 21. Qe1 Bh6 22. Rb2 Rf4 23. Rg1 Qf6 24. Nd1 Kh7 25. Bf1 Bg5 26. c5 axb4 27. c6 Bc8 28. cxb7 Bxb7 29. axb4 Bh4 30. Rg2 Nb8 31. b5 Nd7 32. Qe3 Nc5 33. f3 Bc8 34. Rg1 Bg5 35. b6 cxb6 36. Rxb6 Nxe4 37. Qa3 Nc5 38. Qa7+ Rf7 39. Qb8 Nd7 40. Qxc8 Nxb6 41. Qc6 Nd7 42. Nc3 Nc5 43. Nb5 Bh4 44. Nxd6 Rd7 45. Qxc5 Qxd6 46. Qc6 Qxc6 47. dxc6 Rc7 48. Bd3 Rxc6 49. Be4 Rd6 50. Rb1 Rf7 51. Rb5 Rd1+ 52. Kg2 Ra7 0-1

[Event "Reykjavik Open 2025"]
[Site "Reykjavik"]
[Date "2025.04.13"]
[Round "6.62"]
[White "Lenz, Joshua"]
[Black "Pipiras, Filipa Fortuna"]
[Result "0-1"]
[WhiteElo "1944"]
[WhiteFideId "16256956"]
[BlackElo "2195"]
[BlackFideId "1944894"]
[Variant "Standard"]
[StudyName "ROpen 2025 - Rd6 - Boards 45-108"]
1. e4 c5 2. d4 cxd4 3. c3 dxc3 4. Nxc3 Nc6 5. Nf3 e6 6. Bc4 Bb4 7. Qc2 Nge7 8. O-O O-O 9. Rd1 Ng6 10. a3 Be7 11. Be3 a6 12. Be2 b5 13. b4 Bb7 14. Rac1 Rc8 15. Qd2 d6 16. g3 Nce5 17. Nd4 Nc4 18. Bxc4 bxc4 19. f4 Qd7 20. Nf3 f5 21. Ne5 Qe8 22. Nxg6 Qxg6 23. exf5 Qxf5 24. Re1 h5 25. Bd4 h4 26. Qe3 e5 0-1

[Event "Reykjavik Open 2025"]
[Site "Reykjavik"]
[Date "2025.04.13"]
[Round "6.63"]
[White "Ornolfsson, Magnus P."]
[Black "Smit, Emeline"]
[Result "1-0"]
[WhiteElo "2174"]
[WhiteFideId "2301016"]
[BlackElo "1926"]
[BlackFideId "1042262"]
[Variant "Standard"]
[StudyName "ROpen 2025 - Rd6 - Boards 45-108"]
1. d4 d5 2. Nf3 Nf6 3. g3 g6 4. Bg2 Bg7 5. c4 c6 6. O-O O-O 7. Nc3 dxc4 8. Ne5 Be6 9. a4 Nfd7 10. Nf3 Na6 11. Ng5 Nb6 12. a5 Nd5 13. Nxe6 fxe6 14. e4 Nxc3 15. bxc3 e5 16. d5 cxd5 17. exd5 Nc5 18. Ra3 Qd6 19. Qg4 Nd3 20. Ra4 Nxc1 21. Rxc1 Qc5 22. Rxc4 Qxf2+ 23. Kh1 Qe3 24. Rd1 Kh8 25. Rc7 Rf2 26. a6 Re2 27. h4 Qf2 28. Qh3 bxa6 29. d6 Rd8 30. Rf1 Re1 31. dxe7 Re8 32. Rxe1 Qxe1+ 33. Kh2 1-0

[Event "Reykjavik Open 2025"]
[Site "Reykjavik"]
[Date "2025.04.13"]
[Round "6.64"]
[White "Tirronen, Esa"]
[Black "Harish, Neeraj"]
[Result "0-1"]
[WhiteElo "1923"]
[WhiteFideId "1735810"]
[BlackElo "2169"]
[BlackFideId "30958130"]
[Variant "Standard"]
[StudyName "ROpen 2025 - Rd6 - Boards 45-108"]
1. d4 Nf6 2. c4 g6 3. Nc3 d5 4. cxd5 Nxd5 5. e4 Nxc3 6. bxc3 Bg7 7. Bc4 c5 8. Ne2 O-O 9. Rb1 Nc6 10. O-O cxd4 11. cxd4 Nxd4 12. Ba3 Nc6 13. Qc2 Qa5 14. Bc5 Rd8 15. Bd5 e6 16. Bxc6 bxc6 17. Be7 Re8 18. Qxc6 Ba6 19. Bb4 Qxa2 20. Bc3 Bxe2 0-1

[Event "Reykjavik Open 2025"]
[Site "Reykjavik"]
[Date "2025.04.13"]
[Round "6.65"]
[White "Alrehaili, Ahmed Abdullah S"]
[Black "Bernhard, Sebastian"]
[Result "1-0"]
[WhiteElo "2152"]
[WhiteFideId "21518840"]
[BlackElo "1914"]
[BlackFideId "1271149"]
[Variant "Standard"]
[StudyName "ROpen 2025 - Rd6 - Boards 45-108"]
1. e4 c5 2. Nf3 d6 3. d4 cxd4 4. Nxd4 Nf6 5. Nc3 a6 6. Be3 e5 7. Nf3 Be7 8. Bc4 Be6 9. Bxe6 fxe6 10. Ng5 Qd7 11. Qf3 Nc6 12. Qh3 Nd8 13. Bb6 h6 14. Bxd8 Bxd8 15. O-O-O Ba5 16. Rd3 O-O 17. Qxe6+ Qxe6 18. Nxe6 Rfe8 19. b4 Rxe6 20. bxa5 Ng4 21. Nd1 Rc8 22. f3 Nf6 23. Ne3 Rc5 24. Rhd1 Rxa5 25. Rxd6 Rxd6 26. Rxd6 Rxa2 27. Rb6 Ra1+ 28. Kd2 a5 29. Rxb7 a4 30. Ra7 a3 31. c4 a2 32. Nc2 Rg1 33. Ne1 Nh5 34. Rxa2 Nf4 35. g3 Ne6 36. Ra8+ Kf7 37. Nd3 Nd4 38. Nxe5+ Ke6 39. Re8+ Kd6 40. Rd8+ Kxe5 41. Rd5+ Ke6 42. Rxd4 1-0

[Event "Reykjavik Open 2025"]
[Site "Reykjavik"]
[Date "2025.04.13"]
[Round "6.66"]
[White "Pattnayak, Nilsu"]
[Black "Coutinho, Joao Manuel Sousa"]
[Result "1/2-1/2"]
[WhiteElo "2146"]
[WhiteFideId "35043943"]
[BlackElo "1903"]
[BlackFideId "1933418"]
[Variant "Standard"]
[StudyName "ROpen 2025 - Rd6 - Boards 45-108"]
1. e4 c6 2. d4 d5 3. exd5 cxd5 4. Bd3 Nc6 5. c3 g6 6. Qc2 Nh6 7. Nf3 Bf5 8. O-O Bg7 9. Bf4 O-O 10. Nbd2 Rc8 11. Bxf5 Nxf5 12. Qd3 Nd6 13. Rfe1 Re8 14. Re2 Na5 15. Rae1 e6 16. Ne5 Nac4 17. Ndxc4 Nxc4 18. Qg3 Nxe5 19. Bxe5 Bxe5 20. Rxe5 Qf6 21. h4 Red8 22. f4 b5 23. Rf1 Qg7 24. Qd3 Rb8 25. a3 a5 26. h5 b4 27. cxb4 axb4 28. a4 Rdc8 29. a5 Ra8 30. Ra1 Qf6 31. g3 Qd8 32. a6 Qb6 33. f5 gxf5 34. Qe3 Qd8 35. Qd2 Rc4 36. a7 Kh8 37. Kh2 Qg8 38. Qf4 Qg4 39. Qxg4 fxg4 40. h6 Rxd4 41. Rg5 Rc4 42. Rg7 Rc7 43. Rxg4 Rb7 44. Ra6 Rbxa7 45. Rxa7 Rxa7 46. Rxb4 Ra8 47. Kg2 Kg8 48. Kf3 Kf8 49. Rb7 e5 50. Kg4 Ra6 51. Kf5 Re6 52. Rd7 d4 53. Ke4 Ke8 1/2-1/2

[Event "Reykjavik Open 2025"]
[Site "Reykjavik"]
[Date "2025.04.13"]
[Round "6.67"]
[White "Bjarnason, Snorri Vikanes"]
[Black "Ptacnikova, Lenka"]
[Result "0-1"]
[WhiteElo "1901"]
[WhiteFideId "1539833"]
[BlackElo "2142"]
[BlackFideId "305650"]
[Variant "Standard"]
[StudyName "ROpen 2025 - Rd6 - Boards 45-108"]
1. c4 Nf6 2. g3 e6 3. Bg2 d5 4. d4 dxc4 5. Qa4+ Nbd7 6. Nf3 a6 7. Qxc4 c5 8. dxc5 Bxc5 9. O-O b5 10. Qc2 Bb7 11. Bf4 Rc8 12. Qd1 O-O 13. Nbd2 Nd5 14. Nb3 Nxf4 15. gxf4 Ba7 16. e3 Bd5 17. Nfd4 Bxg2 18. Kxg2 e5 19. Nf5 exf4 20. Qg4 Qf6 21. Qxf4 Bb8 22. Qe4 Rfe8 23. Qb1 Ne5 24. Nbd4 Nc4 25. Rc1 g6 26. Ng3 Be5 27. Rd1 Red8 28. b3 Na3 29. Qe4 Bxd4 30. exd4 Rc2 31. Qf3 Qxf3+ 32. Kxf3 b4 33. Nf1 Rc3+ 34. Ke4 Re8+ 35. Kf4 Nc2 36. Rab1 Re2 37. d5 Rxf2+ 38. Ke4 Re2+ 39. Kf4 f5 40. d6 Re4+ 0-1

[Event "Reykjavik Open 2025"]
[Site "Reykjavik"]
[Date "2025.04.13"]
[Round "6.68"]
[White "James, Chris"]
[Black "Elier, Ali"]
[Result "0-1"]
[WhiteElo "1895"]
[WhiteFideId "2404249"]
[BlackElo "2125"]
[BlackFideId "16217543"]
[Variant "Standard"]
[StudyName "ROpen 2025 - Rd6 - Boards 45-108"]
1. Nf3 d5 2. d4 Nf6 3. c4 e6 4. Nc3 Be7 5. e3 O-O 6. Bd3 a6 7. cxd5 exd5 8. h3 Re8 9. O-O Bd6 10. Qc2 Nc6 11. a3 Bd7 12. Re1 h6 13. b4 b5 14. e4 dxe4 15. Nxe4 Na7 16. Bd2 Bc6 17. Nxd6 cxd6 18. Rxe8+ Qxe8 19. Re1 Qd8 20. Nh4 Rc8 21. Qb1 Bd5 22. Nf5 Nc6 23. Bf4 Nh5 24. Bxd6 Be6 25. Be5 Nxe5 26. Rxe5 Nf4 27. Re3 Qg5 28. Rg3 Rc1+ 29. Kh2 Rxb1 30. Rxg5 Nxd3 0-1

[Event "Reykjavik Open 2025"]
[Site "Reykjavik"]
[Date "2025.04.13"]
[Round "6.69"]
[White "Burgalat, Eliot"]
[Black "Briem, Gudrun Fanney"]
[Result "1/2-1/2"]
[WhiteElo "2119"]
[WhiteFideId "36068659"]
[BlackElo "1863"]
[BlackFideId "2317486"]
[Variant "Standard"]
[StudyName "ROpen 2025 - Rd6 - Boards 45-108"]
1. e4 c5 2. Nf3 Nc6 3. Bb5 g6 4. O-O Bg7 5. Re1 Nf6 6. Nc3 d6 7. e5 dxe5 8. Nxe5 Bd7 9. Bxc6 Bxc6 10. Nxc6 bxc6 11. Qe2 e6 12. d3 O-O 13. Bg5 h6 14. Bxf6 Qxf6 15. Rab1 Rfd8 16. Na4 Qd4 17. b3 Rd5 18. Qf1 Qb4 19. Re4 Qd2 20. Qc1 Qxc1+ 21. Rxc1 Rb8 22. Rc4 Rb5 23. Nc3 Bxc3 24. Rxc3 Ra5 25. a4 Kf8 26. Re1 Ke7 27. Rc4 Ra6 28. f4 h5 29. Kf2 Rb6 30. h3 Rb8 31. Rce4 Kf8 32. Re5 Rbd8 33. R1e3 Rb8 34. Ke2 Ke7 35. R3e4 Rb4 36. Rc4 Kd6 37. Re3 Rd4 38. g3 Rb8 39. Kf3 f6 1/2-1/2

[Event "Reykjavik Open 2025"]
[Site "Reykjavik"]
[Date "2025.04.13"]
[Round "6.70"]
[White "Aas, Robert"]
[Black "Kunz, Andre"]
[Result "0-1"]
[WhiteElo "1898"]
[WhiteFideId "1571303"]
[BlackElo "2115"]
[BlackFideId "24623652"]
[Variant "Standard"]
[StudyName "ROpen 2025 - Rd6 - Boards 45-108"]
1. d4 d5 2. c4 e6 3. g3 c5 4. cxd5 exd5 5. Bg2 Nc6 6. Nf3 Nf6 7. O-O Be7 8. dxc5 Bxc5 9. a3 Ne4 10. b4 Be7 11. Bb2 Bf6 12. Nd4 Ne5 13. Ra2 O-O 14. Ba1 Re8 15. h3 Nc4 16. Nc3 a5 17. b5 Qd6 18. Qd3 Nxg3 19. fxg3 Re3 20. Qd1 Qxg3 21. Nxd5 Bxh3 22. Nxf6+ gxf6 23. Rf2 Rd8 24. Qf1 Ne5 25. Rf3 Nxf3+ 26. Nxf3 Rd1 27. Nh4 Rxf1+ 28. Kxf1 Qxh4 0-1

[Event "Reykjavik Open 2025"]
[Site "Reykjavik"]
[Date "2025.04.13"]
[Round "6.71"]
[White "Bourgois, Bastien"]
[Black "Rajkumar, Daniel"]
[Result "1-0"]
[WhiteElo "2112"]
[WhiteFideId "681482"]
[BlackElo "1855"]
[BlackFideId "143105003"]
[Variant "Standard"]
[StudyName "ROpen 2025 - Rd6 - Boards 45-108"]
1. d4 Nf6 2. c4 e6 3. Nc3 Bb4 4. f3 d5 5. a3 Bxc3+ 6. bxc3 Nbd7 7. Bg5 Nf8 8. e3 Ng6 9. cxd5 exd5 10. c4 dxc4 11. Qa4+ c6 12. Bxf6 Qxf6 13. Qxc4 O-O 14. Bd3 Qg5 15. Kf2 Re8 16. Re1 Qe7 17. Qb4 Qd8 18. Ne2 Qg5 19. Ng3 Ne7 20. Ne4 Qh6 21. Qd6 Qxd6 22. Nxd6 Rd8 23. Nxc8 Raxc8 24. Rb1 b6 25. Rhd1 g6 26. Rbc1 Rc7 27. Rc2 Kf8 28. Be2 Rcd7 29. Ra1 Rc7 30. Rac1 Rcc8 31. Ba6 Rc7 32. h4 Rd5 33. Bd3 Ra5 34. Rc3 Ke8 35. e4 Kd7 36. f4 h5 37. Kf3 Ra4 38. d5 a6 39. Bc4 Ra5 40. d6 Kxd6 41. Rd3+ Rd5 42. exd5 cxd5 43. Rdd1 1-0

[Event "Reykjavik Open 2025"]
[Site "Reykjavik"]
[Date "2025.04.13"]
[Round "6.72"]
[White "Tinkler, Paul"]
[Black "Fartmann, Oliver"]
[Result "1-0"]
[WhiteElo "1894"]
[WhiteFideId "30961289"]
[BlackElo "2109"]
[BlackFideId "12910392"]
[Variant "Standard"]
[StudyName "ROpen 2025 - Rd6 - Boards 45-108"]
1. e4 c5 2. Nc3 e6 3. Nge2 Nc6 4. g3 d5 5. exd5 exd5 6. Bg2 Nf6 7. d4 cxd4 8. Nxd4 Bg4 9. Qd3 Bc5 10. Nxc6 bxc6 11. O-O O-O 12. b3 Qd7 13. Na4 Bd6 14. Re1 Bf5 15. Qd1 Rfe8 16. Rxe8+ Rxe8 17. Bb2 Ne4 18. c4 Bh3 19. cxd5 Bxg2 20. Kxg2 Qf5 21. Qf3 Qxd5 22. Rd1 Qe6 23. Re1 f5 24. h4 h6 25. Re2 g5 26. hxg5 hxg5 27. Qh5 Be5 28. Nc5 Qf7 29. Qxf7+ Kxf7 30. Nxe4 fxe4 31. Bc1 Bf6 32. Be3 a6 33. Rc2 Re6 34. Rc5 Be7 35. Ra5 c5 36. Bxc5 Bxc5 37. Rxc5 Kf6 38. g4 Rd6 39. Rf5+ Kg6 40. Ra5 Kf6 41. Kf1 Rd1+ 42. Ke2 Rg1 43. Ke3 Rxg4 44. Rxa6+ Ke5 45. Ra5+ Kf6 46. b4 Rf4 47. Rd5 Rf3+ 48. Ke2 Ra3 49. Rd2 g4 50. b5 g3 51. fxg3 Rxg3 52. b6 e3 53. b7 exd2 54. b8=Q Rg2+ 55. Kd1 Rg1+ 56. Kxd2 Rg2+ 57. Kd3 Rxa2 58. Qd6+ Kg7 59. Qe5+ Kh7 60. Qe7+ Kh8 61. Qf8+ 1-0

[Event "Reykjavik Open 2025"]
[Site "Reykjavik"]
[Date "2025.04.13"]
[Round "6.73"]
[White "Belic, Nebojsa"]
[Black "Ravi, Krishna"]
[Result "0-1"]
[WhiteElo "1850"]
[WhiteFideId "9206099"]
[BlackElo "2100"]
[BlackFideId "25707817"]
[Variant "Standard"]
[StudyName "ROpen 2025 - Rd6 - Boards 45-108"]
1. c4 c6 2. g3 d5 3. Nf3 dxc4 4. Bg2 Bf5 5. O-O Nd7 6. Na3 e5 7. Nxc4 e4 8. Nh4 Be6 9. Qc2 g5 10. Qxe4 gxh4 11. d3 Nb6 12. Qe5 Qf6 13. Qc7 Qe7 14. Qe5 f6 15. Qh5+ Qf7 16. Qxh4 Nxc4 17. dxc4 Bxc4 18. b3 Be6 19. Bb2 Bg7 20. Rac1 Ne7 21. Qb4 Nd5 22. Qa3 Qe7 23. Qa4 Qb4 24. Rxc6 bxc6 25. Qxc6+ Kf7 26. Bxd5 Bxd5 27. Qxd5+ Ke7 28. Rc1 Rhc8 29. Rc6 Rxc6 30. Qxc6 Rd8 31. Qa6 Qb6 32. Ba3+ Kf7 33. Qc4+ Qe6 0-1

[Event "Reykjavik Open 2025"]
[Site "Reykjavik"]
[Date "2025.04.13"]
[Round "6.74"]
[White "Beisteiner, Joachim"]
[Black "Zhang, Onno"]
[Result "1-0"]
[WhiteElo "2097"]
[WhiteFideId "1682296"]
[BlackElo "1843"]
[BlackFideId "34643397"]
[Variant "Standard"]
[StudyName "ROpen 2025 - Rd6 - Boards 45-108"]
1. e4 c5 2. Nf3 d6 3. d4 cxd4 4. Nxd4 Nf6 5. Nc3 a6 6. h3 e5 7. Nf3 Be7 8. g4 Nc6 9. g5 Nh5 10. Nd5 Be6 11. Rg1 (11. Rb1 O-O 12. Nh4 Nf4 13. Nxf4 exf4 14. Bxf4 Qb6 15. Bd3 Rae8 16. Be3) 11... O-O 12. Nh4 Nf4 13. Nxf4 exf4 14. Bxf4 Qb6 15. Bd3 Rae8 16. Be3 Qxb2 17. Nf5 d5 18. exd5 Bxd5 19. Rb1 Bb4+ 20. Kf1 Qxa2 21. Ra1 Qb2 22. Rb1 Qe5 23. Qg4 a5 24. f3 Ne7 25. Nxe7+ Qxe7 26. Bd4 Bc5 27. Qf5 g6 28. Qxd5 Bb4 29. Be4 Rd8 30. Qe5 Rxd4 31. Qxd4 Bc5 32. Rxb7 Qxb7 33. Qxc5 Qd7 34. Kg2 Qd2+ 35. Kh1 Rd8 36. Qe5 a4 37. c4 a3 38. Bd5 Qb4 39. Qf6 Rd7 40. Qa1 Re7 41. Rb1 Qd6 42. Qf6 a2 43. Ra1 Qb4 44. Kg2 Re2+ 45. Kg3 Qb8+ 46. Kh4 Qa7 47. c5 Qd7 48. Rxa2 Rxa2 49. Bxa2 Qa4+ 50. Kg3 Qxa2 51. Qd8+ Kg7 52. Qd4+ Kf8 53. c6 Qa5 54. Qd6+ Kg8 55. c7 Qe1+ 56. Kf4 Qc1+ 57. Ke4 Qc4+ 58. Ke5 Qe2+ 59. Kd4 Qd2+ 60. Kc5 Qxg5+ 61. Kc6 Qc1+ 62. Kd7 1-0

[Event "Reykjavik Open 2025"]
[Site "Reykjavik"]
[Date "2025.04.13"]
[Round "6.75"]
[White "Lohr, Matthias"]
[Black "Koperski, Dustin"]
[Result "1-0"]
[WhiteElo "2092"]
[WhiteFideId "4692772"]
[BlackElo "1793"]
[BlackFideId "2620634"]
[Variant "Standard"]
[StudyName "ROpen 2025 - Rd6 - Boards 45-108"]
1. d4 Nf6 2. g3 d5 3. Bg2 g6 4. Nf3 Bg7 5. c4 c6 6. O-O O-O 7. b3 Re8 8. Bb2 Bg4 9. Ne5 Bf5 10. Nc3 Na6 11. c5 Nd7 12. e4 dxe4 13. Nc4 Nf6 14. h3 Nc7 15. g4 Be6 16. Qd2 Qd7 17. Ne5 Qd8 18. Rad1 Ncd5 19. Nxe4 Nxe4 20. Bxe4 Qc7 21. f4 Nf6 22. Bd3 Rad8 23. Qe1 Bd5 24. f5 Rf8 25. Bc1 Nd7 26. Bf4 Nxe5 27. dxe5 Qc8 28. Qh4 Rfe8 29. f6 exf6 30. exf6 Bf8 31. b4 b6 32. Bh6 Qe6 33. Rde1 Qxe1 34. Rxe1 Rxe1+ 35. Qxe1 Bxh6 36. Qe7 1-0

[Event "Reykjavik Open 2025"]
[Site "Reykjavik"]
[Date "2025.04.13"]
[Round "6.76"]
[White "Hallmundarson, Birkir"]
[Black "Blanchet, Mathieu"]
[Result "0-1"]
[WhiteElo "1882"]
[WhiteFideId "2319446"]
[BlackElo "2091"]
[BlackFideId "26052610"]
[Variant "Standard"]
[StudyName "ROpen 2025 - Rd6 - Boards 45-108"]
1. Nf3 d5 2. d4 Nf6 3. c4 e6 4. Nc3 Nbd7 5. Bf4 Bb4 6. e3 c5 7. a3 Bxc3+ 8. bxc3 Qa5 9. Qb3 Ne4 10. Rc1 O-O 11. Bd3 dxc4 12. Bxc4 Ndf6 13. O-O a6 14. Bd3 b5 15. c4 cxd4 16. exd4 bxc4 17. Rxc4 Qd5 18. Rfc1 a5 19. Qb1 Ba6 20. Rc6 Bxd3 21. Qxd3 Qf5 22. Be5 Ng4 23. R1c2 Rfd8 24. Bc7 Rdc8 25. Nh4 Qd5 26. f3 Ne5 27. Bxe5 Rxc6 28. Rxc6 Qxc6 29. fxe4 Qc1+ 30. Kf2 Rc8 31. Nf3 Rc2+ 32. Kg3 Rc3 33. Qa6 Qg5+ 34. Kh3 Qh5+ 35. Kg3 Qg6+ 36. Kh3 h5 37. g3 Qg4+ 38. Kg2 Qxf3+ 39. Kh3 Qg4+ 40. Kg2 Rc2+ 41. Kg1 Qf3 42. Qf1 Qe3+ 43. Kh1 Rc1 44. Qxc1 Qxc1+ 45. Kg2 Qxa3 46. Kh3 Qf3 47. Kh4 Qg4# 0-1

[Event "Reykjavik Open 2025"]
[Site "Reykjavik"]
[Date "2025.04.13"]
[Round "6.77"]
[White "Tessiore, Luca G"]
[Black "Fridthjofsdottir, Sigurl. Regina"]
[Result "1-0"]
[WhiteElo "2087"]
[WhiteFideId "30974976"]
[BlackElo "1743"]
[BlackFideId "2300788"]
[Variant "Standard"]
[StudyName "ROpen 2025 - Rd6 - Boards 45-108"]
1. d4 Nf6 2. c4 e6 3. Nf3 d5 4. g3 Be7 5. Bg2 O-O 6. O-O c6 7. Qc2 Nbd7 8. b3 a6 9. Bb2 b5 10. Nbd2 Bb7 11. c5 a5 12. a3 Qc7 13. Rfe1 a4 14. b4 Rae8 15. Rad1 h6 16. Ne5 Nxe5 17. dxe5 Nh7 18. e4 Bc8 19. h4 Bd8 20. Bh3 h5 21. Nf3 Be7 22. Nd4 Kh8 23. f4 Rg8 24. Qe2 g6 25. Qf2 Bf8 26. Nf3 Bg7 27. Ng5 Nxg5 28. hxg5 dxe4 29. Rxe4 Rd8 30. Red4 Rxd4 31. Qxd4 Kh7 32. Kf2 Re8 33. g4 hxg4 34. Bxg4 Kg8 35. Bf3 Bb7 36. Be4 Bf8 37. Kg3 Bc8 38. Qd3 Kg7 39. Qf3 Bd7 40. Rd6 Rc8 41. Qd1 Be8 42. f5 Kg8 43. fxg6 fxg6 44. Rxe6 Rd8 45. Qf3 Bf7 46. Rd6 Bxd6 47. exd6 Qd7 48. Qf6 Bd5 49. Qh8+ Kf7 50. Bxd5+ cxd5 51. Qg7+ 1-0